000 00812nam a2200253 a 4500
001 20801
003 BD-RjUL
005 20211209000619.0
008 140302s19121910vra 00000 eng d
035 _a(BD-RjUL)20863
035 _aBD-RjUL
040 _aANL
_cANL
_beng
_dBD-RjUL
041 _aeng
082 1 _a828.08
_219
_bSCH 1912
245 0 2 _aA School treasury of English literature /
_cselected by Walter Murdoch.
260 _aMelbourne :
_bThomas C. Lothian,
_c1912.
300 _a218 p. ;
_c19 cm.
500 _a"A Walter Murdoch selection of English literature" --Cover.
650 0 _aEnglish literature.
_964241
700 1 _aMurdoch, Walter,
_d1874-1970.
_964242
740 0 _aWalter Murdoch selection of English literature.
930 _aRNB English miscellaneous series
942 _2ddc
_cBK
999 _c20801
_d20801